[Event "Krefeld op"]
[Site "Krefeld"]
[Date "2023.08.03"]
[Round "3"]
[White "Olbrich, Leonard"]
[Black "Vestrick, Frank"]
[Result "1/2-1/2"]
[WhiteElo "1703"]
[BlackElo "1827"]
[PlyCount "69"]
[EventDate "2023.08.02"]
[EventType "swiss"]
[EventRounds "9"]
[EventCountry "GER"]
[SourceTitle "CBM 215 Extra"]
[Source "ChessBase"]
[SourceDate "2023.09.30"]
[SourceVersion "1"]
[SourceVersionDate "2023.09.30"]
[SourceQuality "1"]

1. e4 d6 2. d4 Nf6 3. Bd3 g6 4. c4 Nc6 5. Nf3 Bg4 6. Be3 e5 7. d5 Ne7 8. h3 Bd7 9. Nc3 Bg7 10. 0-0 0-0 11. Qd2 Nxe4 12. Bxe4 f5 13. Bh6 fxe4 14. Nxe4 Bxh3 15. Bxg7 Rxf3 16. gxh3 Nf5 17. Bf6 Qf8 18. Kg2 Nd4 19. Qg5 Rf5 20. Qd2 Rxf6 21. Nxf6+ Qxf6 22. f4 Qh4 23. Qf2 Qh5 24. fxe5 Qg5+ 25. Kh2 Qxe5+ 26. Qf4 Re8 27. Qxe5 Rxe5 28. Rf2 Nf5 29. b4 Re4 30. Rc1 Ne3 31. c5 Nxd5 32. cxd6 cxd6 33. Rc8+ Kg7 34. Rd8 Nxb4 35. Rxd6 1/2-1/2

[Event "Krefeld op"]
[Site "Krefeld"]
[Date "2023.08.02"]
[Round "1"]
[White "Olbrich, Leonard"]
[Black "Scholtes, Benedikt"]
[Result "0-1"]
[WhiteElo "1703"]
[BlackElo "2093"]
[PlyCount "78"]
[EventDate "2023.08.02"]
[EventType "swiss"]
[EventRounds "9"]
[EventCountry "GER"]
[SourceTitle "CBM 215 Extra"]
[Source "ChessBase"]
[SourceDate "2023.09.30"]
[SourceVersion "1"]
[SourceVersionDate "2023.09.30"]
[SourceQuality "1"]

1. e4 d5 2. exd5 Qxd5 3. Nc3 Qd6 4. d4 Nf6 5. Nf3 c6 6. Bc4 Bg4 7. Be3 e6 8. h3 Bh5 9. Qe2 Nbd7 10. a3 Be7 11. b4 0-0 12. 0-0 Nb6 13. Ba2 Qc7 14. Rfe1 a5 15. b5 Bxa3 16. Reb1 Bb4 17. Rb3 Nbd5 18. Nxd5 Nxd5 19. c4 Nc3 20. Qb2 Bxf3 21. gxf3 Nxa2 22. Qxa2 Rac8 23. c5 cxb5 24. Rxb4 axb4 25. Qb3 Qc6 26. Bf4 Ra8 27. Rb1 Ra3 28. Qxb4 Qxf3 29. Be3 Rfa8 30. Qxb5 Ra1 31. Kh2 Rxb1 32. Qxb1 h6 33. Qg1 Ra2 34. Qg3 Qxg3+ 35. Kxg3 f6 36. Kf4 Kf7 37. Ke4 Ke7 38. Kd3 Kd7 39. Kc4 Kc6 0-1